000 00467nam a2200181Ia 4500
005 20240823005449.0
008 240823s9999||||xx |||||||||||||| ||und||
041 _aENGLISH
082 _A621.317 N7
100 _aWadhwa C L
245 0 _a"Generation,Distribution and Utilization of Electrical Energy"
250 _a1st
260 _c1997
_b"New Age,New Delhi"
500 _aYES
650 _aElectrical Generation
_bElectrical
942 _cBK
999 _c155794
_d155794